Countries of the World by Most Similar Country - Statistics

General Stats
  • This quiz has been taken 122 times
  • The average score is 120 of 171
Answers on the Map
Answers color-coded by a green-red scale on the quiz's map according to % correct below.
 
Answer Stats
Similar Country Country % Correct
United States Canada
97%
United Kingdom Ireland
93%
Canada United States
93%
Australia New Zealand
91%
India Bangladesh
90%
India Nepal
90%
India Pakistan
90%
India Sri Lanka
90%
China Taiwan
89%
Sweden Finland
87%
Spain Italy
87%
Sweden Norway
87%
Spain Portugal
87%
Germany Austria
85%
New Zealand Australia
84%
Norway Denmark
84%
Norway Iceland
84%
Norway Sweden
84%
Ireland United Kingdom
83%
Brazil Cape Verde
82%
Peru Bolivia
81%
Argentina Chile
81%
Kazakhstan Kyrgyzstan
81%
Kazakhstan Mongolia
81%
Japan South Korea
81%
Portugal Spain
81%
Argentina Uruguay
81%
Ukraine Belarus
80%
Niger Chad
80%
Greece Cyprus
80%
Egypt Libya
80%
Niger Mali
80%
Turkey Azerbaijan
79%
Iraq Iran
79%
Algeria Morocco
79%
Indonesia Philippines
79%
Austria Germany
78%
Belarus Russia
78%
Austria Switzerland
78%
Belarus Ukraine
78%
Colombia Brazil
77%
Colombia Ecuador
77%
Colombia Mexico
77%
Colombia Venezuela
77%
Belgium France
76%
Nigeria Ghana
76%
Belgium Luxembourg
76%
Belgium Netherlands
76%
Netherlands Belgium
75%
Malaysia Brunei
75%
Panama Costa Rica
75%
Panama Dominican Republic
75%
Malaysia Indonesia
75%
South Korea North Korea
75%
Malaysia Singapore
75%
Laos Cambodia
74%
Somalia Djibouti
74%
Latvia Estonia
74%
Latvia Lithuania
74%
Democratic Republic of The Congo Madagascar
74%
Democratic Republic of the Congo Republic of the Congo
74%
Laos Vietnam
74%
Morocco Algeria
73%
Morocco Tunisia
73%
Suriname Guyana
72%
United Arab Emirates Oman
72%
Czechia Poland
72%
United Arab Emirates Qatar
72%
Czechia Slovakia
72%
Qatar Bahrain
71%
Serbia Bulgaria
71%
Qatar Kuwait
71%
Lithuania Latvia
71%
Romania Moldova
71%
Bosnia and Herzegovina Montenegro
71%
Bosnia and Herzegovina Serbia
71%
Croatia Slovenia
71%
Qatar United Arab Emirates
71%
Republic of the Congo Cameroon
70%
Taiwan China
70%
Republic of the Congo Democratic Republic of the Congo
70%
Republic of the Congo Central African Republic
70%
Ethiopia Eritrea
70%
Republic of the Congo Gabon
70%
Taiwan Japan
70%
Sudan Mauritania
70%
Guyana Suriname
70%
Uzbekistan Turkmenistan
70%
Sudan Yemen
70%
Benin Burkina Faso
69%
Slovakia Czech Republic
69%
Lesotho Eswatini
69%
Slovakia Hungary
69%
Mali Niger
69%
Oman Saudi Arabia
69%
Benin Togo
69%
Tajikistan Afghanistan
68%
Slovenia Croatia
68%
Dominican Republic Cuba
68%
Honduras El Salvador
68%
Honduras Guatemala
68%
Dominican Republic Haiti
68%
Botswana Namibia
68%
Honduras Nicaragua
68%
Liberia Sierra Leone
68%
Botswana South Africa
68%
Uruguay Argentina
67%
Togo Benin
67%
Tanzania Kenya
67%
Tanzania South Sudan
67%
Tanzania Uganda
67%
Ecuador Colombia
66%
Nicaragua Honduras
66%
Cambodia Laos
66%
Cambodia Myanmar
66%
Costa Rica Panama
66%
Ecuador Peru
66%
Cambodia Thailand
66%
Turkmenistan Uzbekistan
66%
Namibia Botswana
65%
Armenia Georgia
65%
Eswatini Lesotho
65%
Bolivia Paraguay
65%
Georgia Armenia
64%
Nepal Bhutan
64%
Rwanda Burundi
64%
Nepal India
64%
Syria Jordan
64%
Kyrgyzstan Kazakhstan
64%
Zambia Malawi
64%
Bulgaria North Macedonia
64%
Kyrgyzstan Tajikistan
64%
Zambia Zimbabwe
64%
Jamaica Bahamas
63%
Jamaica Belize
63%
Guinea Guinea-Bissau
63%
Guinea Ivory Coast
63%
Angola Mozambique
63%
Guinea Senegal
63%
Jamaica Trinidad and Tobago
63%
Senegal Gambia
62%
Sierra Leone Liberia
62%
Burundi Rwanda
62%
Eritrea Ethiopia
61%
Cyprus Greece
61%
Moldova Romania
60%
Montenegro Bosnia and Herzegovina
58%
Ghana Nigeria
58%
North Macedonia Albania
57%
Jordan Egypt
57%
Jordan Iraq
57%
Brunei Malaysia
57%
Jordan Syria
57%
Uganda Tanzania
57%
Zimbabwe Zambia
57%
Mozambique Angola
55%
Samoa Fiji
55%
Ivory Coast Guinea
54%
Tunisia Israel
54%
Tunisia Lebanon
54%
Vanuatu Samoa
54%
Vanuatu Solomon Islands
54%
Azerbaijan Turkey
54%
Djibouti Somalia
53%
Philippines East Timor
52%
Cameroon Equatorial Guinea
52%
Solomon Islands Papua New Guinea
52%
Solomon Islands Vanuatu
52%
Bahamas Jamaica
50%
Mauritania Sudan
40%
Trinidad and Tobago Mauritius
26%
No matching quizzes found
Score Distribution
Percent of People with Each Score
Percentile by Number Answered
Your Score History
You have not taken this quiz